The Bastard

Kaydedildi:
Detaylı Bibliyografya
Yazar: Jakes, John
Materyal Türü: Kitap
Dil:English
Baskı/Yayın Bilgisi: New York, Estados Unidos Pyramid Books 1976
Konular:
Etiketler: Etiketle
Etiket eklenmemiş, İlk siz ekleyin!

MARC

LEADER 00000nam a2200000Ia 4500
008 170316s9999 xx 000 0 eng d
999 |c 28808  |d 28808 
040 |a cru BVZT 
090 |a F-810 J-1b 
100 |a Jakes, John 
245 4 |a The Bastard 
260 |a New York, Estados Unidos 
260 |b Pyramid Books 
260 |c 1976 
300 |a 635 páginas 
650 |a LITERATURA ESTADOUNIDENSE  |9 25 
650 |a FICCIÓN  |9 26 
942 |c 15 D  |h F-810 J-1b  |2 z